Systém získavania doplňujúcich informácií pre tvorbu rozvrhov

Uložené v:
Podrobná bibliografia
Hlavný autor: Straka, Vladimír (Autor)
Ďalší autori: Galbavý, Miroslav, 1954- (Vedúci práce)
Médium: Rukopis Kniha
Jazyk:Slovak
Vydavateľské údaje: Bratislava : STU, 2006
Predmet:
Tagy: Pridať tag
Žiadne tagy, Buďte prvý, kto otaguje tento záznam!

MARC

LEADER 00000ntm a22000003a 4500
001 stu139195
005 20180313143857.8
008 070323s2006----xo------------------slo-d
040 |a STU  |b slo 
041 0 |a slo 
044 |a xo 
100 1 |a Straka, Vladimír  |4 aut 
245 1 |a Systém získavania doplňujúcich informácií pre tvorbu rozvrhov 
260 |a Bratislava :  |b STU,  |c 2006 
300 |a 65 s  |c príl. 
650 7 |a informačné systémy  |2 stusub 
700 1 |a Galbavý, Miroslav,  |d 1954-  |4 ths  |u I300  |U FIIT Fakulta informatiky a informačných technológií  |T FIIT Ústav aplikovanej informatiky  |X 1936  |U I300  |Y 180  |7 A000001936 
996 |c I*DP84/06  |l II680  |s P  |a 0  |w stu139195_0001